| 000 | 00479nam a2200181Ia 4500 | ||
|---|---|---|---|
| 001 | 7843 | ||
| 005 | 20260306160525.0 | ||
| 008 | 260306t2015||||xx |||||||||||||| ||spa|| | ||
| 041 | _aESP | ||
| 082 |
_a362.83 _bG91 |
||
| 100 |
_aRomero Sabater, Inmaculada _eAUT |
||
| 245 | 0 |
_aGuía de intervención en casos de violencia de género: _buna mirada para ver |
|
| 260 | _c2015 | ||
| 300 |
_a202 páginas : _c23 cm. |
||
| 650 | _aGEN | ||
| 654 | _aCED | ||
| 942 |
_cLIB _dJUS _fJUS _2ddc _n |
||
| 999 |
_c7843 _d7843 |
||